Firar öyküleri (Kayıt no. 1587)
[ düz görünüm ]
| 000 -BAŞLIK | |
|---|---|
| Sabit Uzunlukta Kontrol Alanı | 00575na a2200217 4500 |
| 001 - KONTROL NUMARASI | |
| Denetim Alanı | 13973 |
| 003 - KONTROL NUMARASI IDENTIFIER | |
| Denetim Alanı | MIRAKIL |
| 005 - SON İŞLEM TARİHİ VE ZAMANI | |
| Denetim Alanı | 20181213154828.0 |
| 008 - SABİT-BOY VERİ ELEMANLARI - GENEL BİLGİLER | |
| Sabit Uzunlukta Kontrol Alanı | 161022b tu 000 0 |
| 040 ## - KATALOGLAMA KAYNAK | |
| Orijinal Kataloglama Ajansı | Milas |
| Kataloglama Dili | tur |
| Metne Dönüştürmek Ajansı | TR-AnCHP |
| 082 ## - DEWEY ONLU SINIFLANDIRMA NUMARASI | |
| Sınıflandırma Numarası | 365.641092 |
| Ürün Numarası | G36f [t.y.] |
| 090 ## - SINIFLAMA NUMARASI | |
| Sınıflama Numarası | 365.641092 G36f [t.y.] |
| 100 ## - ANA GİRİŞ - KİŞİSEL İSİM | |
| Kişisel Ad | Gerger, Adnan |
| 245 ## - BAŞLIK TABLOSU | |
| Başlık | Firar öyküleri |
| Sorumluluk Tablosu, Vb | Adnan Gerger |
| 250 ## - EDITION TABLOSU | |
| Baskı Beyanı | 5.bs. |
| 260 ## - YAYIN, DAĞITIM, VB | |
| Yayın, Dağıtım, Vb Yeri | [Ankara] |
| Yayıncı, Dağıtıcı, Vs Adı | Ekin |
| Yayın, Dağıtım, Vb Tarihi | [t. y.] |
| 300 ## - FİZİKSEL TANIM | |
| Kapsam | 287 s. |
| Boyutlar | 19 sm. |
| 650 ## - KONU KATMA GİRİŞ - TOPİKAL DÖNEM | |
| Topikal Süreli Veya Coğrafi Ad Giriş Elemanı | Siyasal hükümlüler |
| Genel Alt Bölümü | Anılar |
| Coğrafi Alt Bölümü | Türkiye |
| 650 ## - KONU KATMA GİRİŞ - TOPİKAL DÖNEM | |
| Topikal Süreli Veya Coğrafi Ad Giriş Elemanı | Suç psikolojisi |
| 942 ## - EKLENDİ GİRİŞ ELEMANLARI (KOHA) | |
| Sınıflandırma Veya Raf Düzeni Kaynak | Dewey Decimal Classification |
| Koha Öğesi Türü | Kitaplar |
| 999 ## - SİSTEM KONTROL NUMARALARI (KOHA) | |
| Koha Biblionumber | 1587 |
| Koha Biblioitemnumber | 1587 |
| Kalıcı Konum | Mevcut Konum | Edinme Tarihi | Edinim Kaynak | Toplam Check-Out'Lar | Tam Çağrı Numarası | Barkod | Tarih Son Görülme | İtibaren Geçerli Fiyatlar | Koha Öğesi Türü |
|---|---|---|---|---|---|---|---|---|---|
| CHP Kütüphanesi | CHP Kütüphanesi | 08/23/2016 | Bağış | 365.641092 G36f [t.y.] | 001375 | 08/23/2016 | 08/23/2016 | Kitaplar |
